| Tag |
First Indicator |
Second Indicator |
Subfields |
| LEADER |
00000cam a22000001a 4500 |
| 001 |
in00002167313 |
| 006 |
m e d # |
| 007 |
cr mn mmmmabba |
| 008 |
851021s1756 pau sl s000 0 eng d |
| 005 |
20260330191819.5 |
| 035 |
|
|
|z w008347
|
| 035 |
|
|
|a MAAR8510211206B
|
| 035 |
|
|
|9 mwa91-51880
|
| 035 |
|
|
|a 326093
|
| 035 |
|
|
|a aas03008347
|
| 040 |
|
|
|a MWA
|c MWA
|e bdrb
|d UtOrBLW
|
| 110 |
1 |
|
|a Pennsylvania.
|
| 240 |
1 |
0 |
|a Laws, etc. (Session laws : 1756 May)
|
| 245 |
1 |
0 |
|a Anno Regni Georgii II. Regis, Magnae Britanniae, Franciae & Hiberniae, vigesimo nono :
|b At a General Assembly of the province of Pennsylvania, begun and holden at Philadelphia, the fourteenth day of October, anno Domini 1755, in the twenty-ninth year of the reign of our Sovereign Lord George II. by the grace of God, of Great-Britain, France and Ireland, King, Defender of the Faith, &c. And from thence continued by adjournments to the tenth day of May, 1756.
|
| 264 |
|
3 |
|a Philadelphia :
|b Printed and sold by B. Franklin, at the new-printing-office, near the market,
|c MDCCLVI. [1756]
|
| 300 |
|
|
|a pages 2 unnumbered pages, 273-274 ;
|c (folio)
|
| 336 |
|
|
|a text
|b txt
|2 rdacontent
|
| 337 |
|
|
|a computer
|b c
|2 rdamedia
|
| 338 |
|
|
|a online resource
|b cr
|2 rdacarrier
|
| 500 |
|
|
|a Pagination continues session laws published from May 1744 (Evans 5472).
|
| 500 |
|
|
|a Title vignette: province seal.
|
| 510 |
4 |
|
|a Evans
|c 7752
|
| 510 |
4 |
|
|a Hildeburn, C.R. Pennsylvania,
|c 1451c
|
| 510 |
4 |
|
|a Miller, C.W. Franklin,
|c 645
|
| 530 |
|
|
|a Microform version available in the Readex Early American Imprints series.
|
| 533 |
|
|
|a Electronic text and image data.
|b [Chester, Vt. :
|c Readex, a division of Newsbank, Inc.,
|d 2002-2004.
|e Includes files in TIFF, GIF and PDF formats with inclusion of keyword searchable text.
|f (Early American imprints. First series ; no. 7752).
|
| 500 |
|
|
|a Electronic resource.
|
| 752 |
|
|
|a United States
|b Pennsylvania
|d Philadelphia.
|
| 830 |
|
0 |
|a Early American imprints.
|n Series I,
|p Evans (1639-1800) ;
|v no. 7752.
|
| 856 |
4 |
1 |
|u http://proxy.library.tamu.edu/login?url=https://opac.newsbank.com/select/evans/7752
|y Evans Digital Edition
|t 0
|
| 999 |
|
|
|a MARS
|
| 999 |
f |
f |
|s bbb1f916-9a2d-3c6e-a561-32cc8e088c1d
|i 10fbc55b-6c54-34c1-8738-8ee3ff5360c9
|t 0
|
| 952 |
f |
f |
|a Texas A&M University
|b College Station
|c Electronic Resources
|s www_evans
|d Available Online
|t 0
|h No information provided
|
| 998 |
f |
f |
|t 0
|l Available Online
|